000 00631nam a22001937a 4500
003 NUST
005 20250220110946.0
008 171002b xxu||||| |||| 00| 0 eng d
040 _cNUST
082 _a200
100 _aKhan,Isra
_95151
245 _aTesting Stationarity of Consumption-Income Ratios with Nonlinearities and Asymmetries: Evidence from Emerging Economies/
_cIsra Khan,
260 _aIslamabad
_c2015
_bS3H NUST;
300 _a40p
600 _xMS- Economics
_9127866
700 _aSupervisor: Dr. Tanweer Ul Islam
_9114392
856 _uhttp://10.250.8.41:8080/xmlui/handle/123456789/3487
942 _2ddc
_cSC
999 _c331519
_d331519